Catalog

Record Details

Catalog Search



Lombardští chudí a jejich nazí přátelé  Cover Image Book Book

Lombardští chudí a jejich nazí přátelé / Karel Eichler ; typografie Michal Houba

Record details

  • ISBN: 80-7116-686-3
  • Physical Description: 123 s. ; 20 cm
  • Edition: 1. vyd.
  • Publisher: Praha : Ivo Železný, 1995
Genre: novely
povídky

Available copies

  • 1 of 1 copy available at Common Catalog SPOK.

Holds

  • 0 current holds with 1 total copy.
Show All Copies
Location Call Number / Copy Notes Barcode Shelving Location Status Due Date
Varianty Cho Ei 4605400340 Šafaříkova 17 - 5. patro, chodba Available -

LDR 01149nam a2200361 4500
00131277
003CZ-PrJAB
00520190309091133.0
007tu
008950524s1995 xr u0|0 j cze
015 . ‡acnb000094507
020 . ‡a80-7116-686-3 ‡q(brož.) : ‡cKč 89,00
035 . ‡a(CZ PrNK)np9540057
035 . ‡a(OCoLC)34576471
040 . ‡aABA001 ‡bcze
045 . ‡as0s5 ‡ax9x9
072 7. ‡a821.162.3-3 ‡xČeská próza ‡2Konspekt ‡925
080 . ‡a885.0-32 ‡2undef
080 . ‡a940 ‡2undef
1001 . ‡aEichler, Karel, ‡d1921-1999 ‡7jk01030340 ‡4aut
24510. ‡aLombardští chudí a jejich nazí přátelé / ‡cKarel Eichler ; typografie Michal Houba
250 . ‡a1. vyd.
260 . ‡aPraha : ‡bIvo Železný, ‡c1995 ‡e(Semily : ‡fGlos)
300 . ‡a123 s. ; ‡c20 cm
4901 . ‡aČeská knihovna
6530 . ‡aEvropa ‡aadamité ‡adějiny ‡ačeská próza
655 7. ‡anovely ‡7fd132918 ‡2czenas
655 7. ‡apovídky ‡7fd133105 ‡2czenas
7001 . ‡aHouba, Michal, ‡d1958- ‡7jo20010086912 ‡4art
830 0. ‡aČeská knihovna (Ivo Železný)
910 . ‡aABH006
964 . ‡aadamité - stol. 15., pol. 1. - povídky
901 . ‡a31277 ‡b ‡c31277 ‡tbiblio

Additional Resources